IFM Opac

Essays in world economics (Record no. 14343)

MARC details
000 -LEADER
fixed length control field 00338nam a22001457a 4500
082 ## - DEWEY DECIMAL CLASSIFICATION NUMBER
Classification number 330HIC
100 ## - MAIN ENTRY--PERSONAL NAME
Personal name Hicks, J.R.
245 ## - TITLE STATEMENT
Title Essays in world economics
260 ## - PUBLICATION, DISTRIBUTION, ETC.
Place of publication, distribution, etc. London
Name of publisher, distributor, etc. Oxford
Date of publication, distribution, etc. 1959
300 ## - PHYSICAL DESCRIPTION
Extent xv,274
Other physical details ill,25cm
500 ## - GENERAL NOTE
General note Includes Index
650 ## - SUBJECT ADDED ENTRY--TOPICAL TERM
Topical term or geographic name entry element Essays in world economics
700 ## - ADDED ENTRY--PERSONAL NAME
Personal name Hicks, J.R.
942 ## - ADDED ENTRY ELEMENTS (KOHA)
Koha item type Books
Holdings
Withdrawn status Lost status Damaged status Not for loan Home library Current library Shelving location Date acquired Total Checkouts Full call number Barcode Date last seen Price effective from Koha item type
Withdrawn       IFM Main Campus Library IFM Main Campus Library Archival Collection 12/14/2015   330HIC 0000009067 12/14/2015 02/19/2022 Books